Statistics for Golden Globe Best Actor - Motion Picture Drama

Click here to take the quiz!

General Stats

  • This quiz has been taken 103 times
  • The average score is 56 of 78

Answer Stats

YearMovieAnswer% Correct
2020JokerJoaquin Phoenix
97%
2016The RevenantLeonardo DiCaprio
96%
2005The AviatorLeonardo DiCaprio
96%
2019Bohemian RhapsodyRami Malek
96%
2008There Will Be BloodSir Daniel Day-Lewis
96%
2013LincolnSir Daniel Day-Lewis
96%
2003About SchmidtJack Nicholson
94%
1976One Flew Over the Cuckoo's NestJack Nicholson
94%
1975ChinatownJack Nicholson
94%
2001Cast AwayTom Hanks
94%
1994PhiladelphiaTom Hanks
94%
1995Forrest GumpTom Hanks
94%
1993Scent of a WomanAl Pacino
93%
1974SerpicoAl Pacino
93%
2007The Last King of ScotlandForest Whitaker
92%
1999The Truman ShowJim Carrey
92%
1955On the WaterfrontMarlon Brando Jr.
92%
1973The GodfatherMarlon Brando Jr.
92%
2006CapotePhilip Seymour Hoffman
92%
2017Manchester by the SeaCasey Affleck
90%
2011The King's SpeechColin Firth
90%
1989Rain ManDustin Hoffman
90%
1980Kramer vs. KramerDustin Hoffman
90%
2018Darkest HourGary Oldman
90%
1981Raging BullRobert De Niro
90%
1983GandhiSir Ben Kingsley
90%
2014Dallas Buyers ClubMatthew McConaughey
89%
2015The Theory of EverythingEddie Redmayne
88%
1988Wall StreetMichael Douglas
88%
2004Mystic RiverSean Penn
88%
2010Crazy HeartJeff Bridges
86%
1957Lust for LifeKirk Douglas
85%
1996Leaving Las VegasNicholas Cage
83%
2002A Beautiful MindRussell Crowe
83%
1990Born on the Fourth of JulyTom Cruise
82%
2009The WrestlerMickey Rourke
81%
1985AmadeusF. Murray Abraham
79%
1982On Golden PondHenry Fonda
79%
1963To Kill a MockingbirdGregory Peck
78%
1947The YearlingGregory Peck
78%
1970True GritJohn Wayne
78%
1998Ulee's GoldPeter Fonda
76%
1997ShineGeoffrey Rush
75%
1971PattonGeorge C. Scott
75%
1949HamletLaurence Olivier, Baron Olivier
75%
1972The French ConnectionGene Hackman
74%
2012The DescendantsGeorge Clooney
74%
1958The Bridge on the River KwaiSir Alec Guinness
74%
2000The HurricaneDenzel Washington
71%
1991Reversal of FortuneJeremy Irons
71%
1964Lilies of the FieldSir Sidney Poitier
71%
1953High NoonGary Cooper
63%
1979Coming HomeJon Voight
63%
1986Runaway TrainJon Voight
63%
1977NetworkPeter Finch
61%
1984Tender MerciesRobert Duvall
60%
1969The Lion in WinterPeter O'Toole
56%
1965BecketPeter O'Toole
56%
1956MartyErnest Borgnine
54%
1968In the Heat of the NightRod Steiger
53%
1961Elmer GantryBurt Lancaster
51%
1992The Prince of TidesNick Nolte
51%
1962Judgment at NurembergMaximilian Schell
49%
1959Separate TablesDavid Niven
44%
1967A Man for All SeasonsPaul Scofield
43%
1951Cyrano de BergeracJosé Ferrer
42%
1966Doctor ZhivagoOmar Sharif
42%
1978EquusRichard Burton
42%
1950All the King's MenBroderick Crawford
36%
1944Watch on the RhinePaul Lukas
36%
1946The Lost WeekendRay Milland
36%
1987Mona LisaBob Hoskins
35%
1954The ActressSpencer Tracy
31%
1948A Double LifeRonald Colman
29%
1952Death of a SalesmanFredric March
28%
1984The DresserSir Tom Courtenay
28%
1945WilsonAlexander Knox
11%
1960CareerAnthony Franciosa
7%

Score Distribution

Percentile by Number Answered

Percent of People with Each Score

Your Score History

You have not taken this quiz